|
|
|
|
| LEADER |
01207nam a2200361 4500 |
| 001 |
000014176 |
| 003 |
10533 |
| 005 |
20130603090641.0 |
| 008 |
120406s2002 viesd |
| 020 |
|
|
|c 55000
|
| 041 |
0 |
|
|a vie
|
| 082 |
|
|
|a 895.922
|b LIC
|
| 245 |
1 |
0 |
|a Lịch sử Văn học Việt Nam
|c Nguyễn Đăng Mạnh
|n Tập 3
|
| 260 |
|
|
|a H.
|b Đại học Sư Phạm
|c 2002
|
| 300 |
|
|
|a 563 tr.
|c 21 cm
|
| 653 |
|
|
|a Văn học Việt Nam
|
| 653 |
|
|
|a Văn học hiện đại
|
| 653 |
|
|
|a Lịch sử
|
| 653 |
|
|
|a Nhà văn
|
| 700 |
|
|
|a Nguyễn Đăng Mạnh
|e Chủ biên
|
| 700 |
|
|
|a Nguyễn Văn Long
|e Chủ biên
|
| 773 |
|
|
|t Lịch sử Văn học Việt Nam
|w 748
|
| 910 |
|
|
|a Tăng Thị Thu Sương
|d 29/7/2011
|
| OWN |
|
|
|a LSP
|
| AVA |
|
|
|a UDN50
|b LSP
|d 895.922 LIC
|e check_holdings
|t Error 5003 Not defined in file expand_doc_bib_avail.
|h N
|k 1
|
| 999 |
|
|
|a From the UDN01
|
| AVA |
|
|
|a UDN50
|b LSP
|d 895.922 LIC
|e available
|t Error 5001 Not defined in file expand_doc_bib_avail.
|f 109
|g 5
|h N
|i 86
|k 1
|
| TYP |
|
|
|a Monograph
|
| TYP |
|
|
|a Printed language
|
| 980 |
|
|
|a Mạng thư viện Đại học Đà Nẵng
|